Geometric Aspects of the Trace Formula

The second of three volumes devoted to the study of the trace formula, these proceedings focus on automorphic representations of higher rank groups. Based on research presented at the 2016 Simons Symposium on Geometric Aspects of the Trace Formula that took place in Schloss Elmau, Germany, the volum...

Πλήρης περιγραφή

Λεπτομέρειες βιβλιογραφικής εγγραφής
Συγγραφή απο Οργανισμό/Αρχή: SpringerLink (Online service)
Άλλοι συγγραφείς: Müller, Werner (Επιμελητής έκδοσης, http://id.loc.gov/vocabulary/relators/edt), Shin, Sug Woo (Επιμελητής έκδοσης, http://id.loc.gov/vocabulary/relators/edt), Templier, Nicolas (Επιμελητής έκδοσης, http://id.loc.gov/vocabulary/relators/edt)
Μορφή: Ηλεκτρονική πηγή Ηλ. βιβλίο
Γλώσσα:English
Έκδοση: Cham : Springer International Publishing : Imprint: Springer, 2018.
Έκδοση:1st ed. 2018.
Σειρά:Simons Symposia,
Θέματα:
Διαθέσιμο Online:Full Text via HEAL-Link
LEADER 04062nam a2200505 4500
001 978-3-319-94833-1
003 DE-He213
005 20190620021753.0
007 cr nn 008mamaa
008 181011s2018 gw | s |||| 0|eng d
020 |a 9783319948331  |9 978-3-319-94833-1 
024 7 |a 10.1007/978-3-319-94833-1  |2 doi 
040 |d GrThAP 
050 4 |a QA241-247.5 
072 7 |a PBH  |2 bicssc 
072 7 |a MAT022000  |2 bisacsh 
072 7 |a PBH  |2 thema 
082 0 4 |a 512.7  |2 23 
245 1 0 |a Geometric Aspects of the Trace Formula  |h [electronic resource] /  |c edited by Werner Müller, Sug Woo Shin, Nicolas Templier. 
250 |a 1st ed. 2018. 
264 1 |a Cham :  |b Springer International Publishing :  |b Imprint: Springer,  |c 2018. 
300 |a XIV, 453 p. 11 illus.  |b online resource. 
336 |a text  |b txt  |2 rdacontent 
337 |a computer  |b c  |2 rdamedia 
338 |a online resource  |b cr  |2 rdacarrier 
347 |a text file  |b PDF  |2 rda 
490 1 |a Simons Symposia,  |x 2365-9564 
505 0 |a Preface -- Functoriality and the Trace Formula (J. Arthur) -- Graded Hecke Algebras for Disconnected Reductive Groups (A. Aubert, A. Moussaoui, M. Solleveld) -- Sur Une Variante des Troncatures d'Arthur (P. Chaudouard) -- Twisted Endoscopy from a Sheaf-Theoretic Perspective (A. Christie, P. Mezo) -- The Subregular Unipotent Contribution to the Geometric Side of the Arthur Trace Formula for the Split Exceptional Group G2 (T. Finis, W. Hoffmann, S. Wakatsuki) -- The Shimura-Waldspurger Correspondence for Mp(2n) (W. T. Gan, W. Li) -- Fourier Coefficients and Cuspidal Spectrum for Symplectic Groups (D. Jiang, B. Liu) -- Symmetry Breaking for Orthogonal Groups and a Conjecture by B. Gross and D. Prasad (T. Kobayashi, B. Speh) -- Conjectures about Certain Parabolic Kazhdan-Lusztig Polynomials (E. Lapid) -- Sur les Paquets d'Arthur aux Places Réelles, Translation (C. Moeglin, D. Renard) -- Inverse Satake Transforms (Y. Sakellaridis) -- On the Generalized Fourier Transforms for Standard L-Functions, with an Appendix by Wen-Wei Li (F. Shahidi) -- On the Unitarizability in the Case of the Classical p-adic Groups (M. Tadic). 
520 |a The second of three volumes devoted to the study of the trace formula, these proceedings focus on automorphic representations of higher rank groups. Based on research presented at the 2016 Simons Symposium on Geometric Aspects of the Trace Formula that took place in Schloss Elmau, Germany, the volume contains both original research articles and articles that synthesize current knowledge and future directions in the field. The articles discuss topics such as the classification problem of representations of reductive groups, the structure of Langlands and Arthur packets, interactions with geometric representation theory, and conjectures on the global automorphic spectrum. Suitable for both graduate students and researchers, this volume presents the latest research in the field. Readers of the first volume Families of Automorphic Forms and the Trace Formula will find this a natural continuation of the study of the trace formula. 
650 0 |a Number theory. 
650 0 |a Group theory. 
650 1 4 |a Number Theory.  |0 http://scigraph.springernature.com/things/product-market-codes/M25001 
650 2 4 |a Group Theory and Generalizations.  |0 http://scigraph.springernature.com/things/product-market-codes/M11078 
700 1 |a Müller, Werner.  |e editor.  |4 edt  |4 http://id.loc.gov/vocabulary/relators/edt 
700 1 |a Shin, Sug Woo.  |e editor.  |4 edt  |4 http://id.loc.gov/vocabulary/relators/edt 
700 1 |a Templier, Nicolas.  |e editor.  |4 edt  |4 http://id.loc.gov/vocabulary/relators/edt 
710 2 |a SpringerLink (Online service) 
773 0 |t Springer eBooks 
776 0 8 |i Printed edition:  |z 9783319948324 
776 0 8 |i Printed edition:  |z 9783319948348 
776 0 8 |i Printed edition:  |z 9783030069223 
830 0 |a Simons Symposia,  |x 2365-9564 
856 4 0 |u https://doi.org/10.1007/978-3-319-94833-1  |z Full Text via HEAL-Link 
912 |a ZDB-2-SMA 
950 |a Mathematics and Statistics (Springer-11649)